[Event "Ambelokipi op 130th"]
[Site "Athens"]
[Date "2012.12.01"]
[Round "?"]
[White "Barbar, Faraz"]
[Black "Vazelakis, Dimitrios"]
[Result "0-1"]
[WhiteElo "1565"]
[BlackElo "1982"]
[PlyCount "48"]
[EventDate "2012.12.01"]
[EventType "swiss"]
[EventRounds "7"]
[EventCountry "GRE"]
[SourceTitle "EXT 2024"]
[Source "ChessBase"]
[SourceDate "2023.10.10"]
[SourceVersion "1"]
[SourceVersionDate "2023.10.10"]
[SourceQuality "1"]

1. e4 Nf6 2. e5 Nd5 3. d4 d6 4. exd6 exd6 5. Nf3 Bg4 6. c4 Nb6 7. Be3 Nc6 8. Nbd2 Be7 9. Be2 0-0 10. d5 Bxf3 11. Nxf3 Ne5 12. Nxe5 dxe5 13. 0-0 a5 14. Qc2 f5 15. Bxb6 cxb6 16. Rad1 Bd6 17. f3 e4 18. fxe4 Qh4 19. h3 fxe4 20. Qc3 e3 21. Rf3 Rxf3 22. Bxf3 Rf8 23. Qe1 Qf4 24. Rc1 e2 0-1